| 000 | 01096nam a22002897a 4500 | ||
|---|---|---|---|
| 003 | CHAP | ||
| 005 | 20220329140648.0 | ||
| 008 | 971013s1862 r 00010 d | ||
| 010 | _a55570 | ||
| 011 | _a56542 | ||
| 035 | _a60695 | ||
| 040 | _cCHAP | ||
| 082 |
_a972.6 _bR4 |
||
| 100 | 0 | 0 |
_aYucatán. _9123312 |
| 245 | _aMemoral del estado que guarda la administración pública de Yucatán, escrita por el secretario general de gobierno, Antonio G. Rejón y leida por el mismo ante la legislatura constitucional, en la sesión del día 8 de septiembre de 1862 | ||
| 260 |
_aMérida : _bImprenta de José Dolores Espinosa, _c1862 |
||
| 300 | _a45 p. | ||
| 500 | _aEncuadernado con: Regil, José María. Estadística de Yucatán | ||
| 590 |
_aBATCH-UPD _b10 _c20130110 _lUCH01 _h0649 |
||
| 590 |
_aBATCH-UPD _b10 _c20130410 _lUCH01 _h0334 |
||
| 590 |
_aBATCH-UPD _b10 _c20130914 _lUCH01 _h2111 |
||
| 590 |
_aCONVERSION _b10 _c20130109 _lUCH01 _h1330 |
||
| 650 | 1 | 4 |
_aYucatán _xPolítica y gobierno. _9123327 |
| 901 | _aBK | ||
| 942 | _cLIBRO | ||
| 949 |
_a972.6 R4 _bBC _cBPP _d-130668 _eBPP _i60695 _si |
||
| 999 |
_c55570 _d55570 |
||